00868nam a2200265 i 4500003000900000005001700009007000300026008004100029040003000070082001400100100001000114110006600124245006300190264004900253300002600302336002700328337003400355338002800389500000600417590002700423910000700450942001400457952011400471999001700585DO-SdBNP20230928094853.0ta110413s2000 dr 000 0 spa d aDO-SdBNPbspacBNPHUerda bR426g222 952164 aRepública Dominicana.bSecretaria de Estado de Trabajo949110aGuía del empleador para llenar los formularios laborales 1aSanto Domingo :bImpresión Neuquen,c2000. a57 páginas c22 cm. 2rdacontentatextobtxt 2rdamediaasin mediación bn 2rdacarrieravolumenbnc a  aInventariado, 2023/ DG aDG 2ddccLBS1 00102ddc51708PDaBNPHUbBNPHUcCTd2023-09-28l0oBNPHU PD R426gp2023-6514r2023-09-28w2023-09-28yLBS1 c54990d54990